000 00646nam a22001817a 4500
003 OSt
005 20251118112415.0
008 251118b |||||||| |||| 00| 0 eng d
020 _a971-513-183-2
040 _aDWC-Main Lib
_cOC
082 _aFil. 362.1 Un61 2005
100 _aUntalan, A.C.
245 _aConcepts and guidelines in COPAR, 1st ed., 2005
_cUntalan, Aaron Cy T.
260 _aManila :
_bEducational Publishing House,
_cc2005
300 _axv, 101 pages :
_c 23 cm.
504 _aIncludes bibliographical references and index
942 _2ddc
_cBK - FIL
_e1st edition
_hFil. 362.1 Un61 2005
_kFil.
_n0
999 _c5776
_d5776